000 01129nmc a2200325 a 4500
003 AR-BaBNM
005 20251128210542.0
008 160020s1997 ||||||||||||||000 | spa||
020 _a84-277-1208-1
040 _cAR-BaBNM
100 1 _aRegodón, Jiménez
_cMatías
245 1 0 _aProgramar y organizar actividades en I.E.S.
_bprensa, música, teatro, juegos y deportes, concursos, carteles y exposiciones, feria del libro, día de la constitución
260 _aMadrid
_bNarcea
_c1997
300 _a166 p.
_bil., tablas
490 0 _aMateriales 12-16 para educación secundaria
500 _aContiene dos fascículos: 1:el proceso de programación de actividades; 2: áreas de actividades
650 4 _aANIMACION CULTURAL
650 4 _aEXTENSION CULTURAL
650 4 _aACTIVIDADES CULTURALES
650 4 _aPROGRAMAS RECREATIVOS
650 4 _aPAPEL DE LA ESCUELA
651 4 _aEspaña
653 _aEDUCACION SECUNDARIA
653 _aACTIVIDADES EXTRAESCOLARES
653 _aEDUCACION POLIMODAL
653 _aTERCER CICLO DE LA EGB
700 1 _aVaquero Ortega, Benito
942 _cBK
998 _cRaquel
999 _c15912
_d15912